000 00477cam a2200145 4500500
005 20251228051811.0
041 _afre
042 _adc
100 1 0 _aStorper-Pérez, Danielle
_eauthor
245 0 0 _a« Dieu désire nos prières, les rabbins, c'est moins sûr... »
260 _c2007.
500 _a37
786 0 _nPardès | 43 | 2 | 2007-12-01 | p. 171-182 | 0295-5652
856 4 1 _uhttps://shs.cairn.info/revue-pardes-2007-2-page-171?lang=fr&redirect-ssocas=7080
999 _c1582320
_d1582320